000 02889nam a22002657a 4500
001 216218709
003 UA-OsUOA
005 20201228131409.0
008 200627b un ||||| m||| 00| 0 ukr d
040 _aUA-OsUOA
_bukr
_cUA-OsUOA
_dUA-OsUOA
041 _aukr
080 _a94(477)(092)
090 _a94(477)(092)
095 _a07.00.01
_bісторія України
100 _aЛубковим Н. 3.
245 _aГромадська і наукова діяльність Євгена Храпливого (1898–1949 рр.)
_cЛубковим Наталія Зіновіївна ; наук. керівник Зуляк Іван Степанович
260 _aТернопіль
_c2012
300 _a20 с.
502 _6Автореферат дисертації на здобуття наукового ступеня кандидата історичних наук
_cТернопільський національний педагогічний університет імені Володимира Гнатюка
_d2012
520 _aУ дисертації здійснено комплексне дослідження громадської і наукової діяльності Євгена Храпливого в першій половині XX ст. Основну увагу приділено змісту, формам і напрямкам цієї діяльності. Розглянуто процес становлення світогляду, громадської та наукової діяльності. Охарактеризовано діяльність Є. Храпливого у молодіжних громадсько-патріотичних організаціях та національному русі у роки Першої світової війни; висвітлено основні напрямки його наукової діяльності та її значення для української науки; досліджено вплив Є. Храпливого на становлення кооперативного руху в Східній Галичині; висвітлено його талант публіциста, журналіста і видавця науково-популярної та періодичної літератури для селян; з’ясовано роль Є. Храпливого у розбудові фахового хліборобського шкільництва; визначено місце Є. Храпливого в історії сучасної вітчизняної економічної науки.
650 _2UDC
_a94 Історія
942 _2udc
_cAR
955 _a1
999 _c459730
_d459730